| 000 | 01324nam a2200337 i 4500 | ||
|---|---|---|---|
| 003 | EG-GICUC | ||
| 005 | 20260121101452.0 | ||
| 008 | 251211s2006 ua ||||fr|||| 00| 0 ara d | ||
| 017 | _a1997/8441 | ||
| 020 | _a9770420395 | ||
| 040 |
_a EG-GICUC _bara _c EG-GICUC _d EG-GICUC _erda |
||
| 041 | 0 | _aara | |
| 082 | 0 | 4 |
_221 _a343.46 _bه ل . ت |
| 092 | 0 | 4 | _221 |
| 099 | _aLaw1 10 343.46 ه ل . ت 2006 | ||
| 100 | 0 |
_aهلالي عبد اللاه احمد _eمؤلف. |
|
| 245 | 1 | 2 |
_aالتزام الشاهد بالإعلام في الجرائم المعلوماتية : _bدراسة مقارنة / _c الدكتور هلالي عبد اللاه احمد. |
| 264 | 1 |
_aالقاهرة : _bدار النهضة العربية، _c2006. |
|
| 300 |
_a96 ؛صفحة _c24 سم. _bإيضاحيات، صور، مثيليات ؛ |
||
| 336 |
_2rda content _atext |
||
| 337 |
_2rda media _aComputer |
||
| 338 |
_2rda carrier _aOnline Resource |
||
| 504 | _a. 72-92 ببليوجرافيا: صفحات | ||
| 546 | _aالنص باللغة العربية | ||
| 650 | 1 | 4 |
_aالتشريعات المتعلقة بتقنية المعلومات _2qrmak |
| 650 | 1 | 4 |
_aالقانون الجنائي _2qrmak |
| 651 | 1 | _2qrmak | |
| 856 | 4 | 0 | _uhttps://fll.law.cu.edu.eg/fulltext/bks/B10-06981.pdf |
| 905 | _a77 | ||
| 942 |
_2ddc _cBK _e21 _n0 |
||
| 999 |
_c49839 _d49839 |
||